ბათუმის შოთა რუსთაველის სახელმწიფო უნივერსიტეტის ბიბლიოთეკა

Hotel babylon. (ბიბ.ჩანაწერი № 46997)

000 -LEADER
fixed length control field 00573nam a2200217Ia 4500
001 - CONTROL NUMBER
control field 13851
003 - CONTROL NUMBER IDENTIFIER
control field GE_BSU
005 - DATE AND TIME OF LATEST TRANSACTION
control field 20221124155436.0
008 - FIXED-LENGTH DATA ELEMENTS--GENERAL INFORMATION
fixed length control field 181216s2004||||enk|||||||||||||| ||eng||
020 ## - INTERNATIONAL STANDARD BOOK NUMBER
International Standard Book Number 9780552153706x
040 ## - CATALOGING SOURCE
Transcribing agency GE_BSU
041 ## - LANGUAGE CODE
Language code of text/sound track or separate title eng
080 ## - UNIVERSAL DECIMAL CLASSIFICATION NUMBER
Universal Decimal Classification number 821.111-3 I-55
100 ## - MAIN ENTRY--PERSONAL NAME
Personal name Imogen, Edwards-Jones.
9 (RLIN) 16053
245 ## - TITLE STATEMENT
Title Hotel babylon.
Statement of responsibility, etc. Edwards-Jones Imogen.
264 ## - PRODUCTION, PUBLICATION, DISTRIBUTION, MANUFACTURE, AND COPYRIGHT NOTICE
Place of production, publication, distribution, manufacture London:
Name of producer, publisher, distributor, manufacturer Corgi Books,
Date of production, publication, distribution, manufacture, or copyright notice .
300 ## - PHYSICAL DESCRIPTION
Extent 351p.;
Other physical details 18 cm.
653 ## - INDEX TERM--UNCONTROLLED
keyword Hotel babylon.
653 ## - INDEX TERM--UNCONTROLLED
keyword სასტუმრო ბაბილონი
942 ## - ADDED ENTRY ELEMENTS (KOHA)
Koha item type წიგნი
Source of classification or shelving scheme
ეგზემპლარები
Withdrawn status Lost status Damaged status Not for loan Date acquired Barcode Date last seen Price effective from Koha item type
        2018-12-17 36658 2018-12-17 2018-12-17 წიგნი